00894 a2200193 4500020001800000082001200018090001500030100002600045245004700071260003800118300001100156650003600167700002500203942002000228999001700248952014300265952014600408952014600554 a9788176565547 a005.133 c7004d7004 aKanetkar, Yashavant P aTest your C++ skillscYashavant P Kanetkar aNew DelhibBPB Publicationsc2010 a389 p. aC++ --Computer program language aYashavant P Kanetkar cBKk005.133 KAN c10813d10813 001040708NFICaCLbCLcSEd2012-04-13eAllied Book Companyg332.64l2o005.133 KANpSEECS011162r2016-06-04s2016-05-12w2017-01-05yBK 001040708NFICaCLbCLcSEd2012-04-13eAllied Book Companyg332.64l5m2o005.133 KANpSEECS011160r2019-12-04s2019-01-28w2017-01-05yBK 001040708NFICaCLbCLcSEd2012-04-13eAllied Book Companyg332.64l5m5o005.133 KANpSEECS011161r2025-07-02s2024-09-21w2017-01-05yBK